| 000 | 00537cam3a220019300 4500 | ||
|---|---|---|---|
| 001 | tmp15707614 | ||
| 003 | UPRA | ||
| 005 | 20190826095200.0 | ||
| 008 | 951009s1962 ilunnn t eng u | ||
| 035 | _a(Sirsi) r17544 | ||
| 035 | _a(UPRA)tmp15707614 | ||
| 040 | _cUPRA | ||
| 245 | 0 | 4 | _aThe ear in anatomical transparencies. |
| 260 |
_a[Chigago] : _bAbbott Laboratories, _c1962. |
||
| 650 | 0 |
_aEar anatomy. _6S6715.2 |
|
| 710 | 2 |
_aAbbott Laboratories. _6A25204.1 |
|
| 949 |
_aQM507 _wlcc _i-13354 _mMAIN _tBOOK _lON-SHELF |
||
| 004 | 17544 | ||
| 999 |
_c161458 _d161458 |
||